000 00290nam a22001337a 4500
008 181022b xxu||||| |||| 00| 0 eng d
020 _a9780415917100
041 _aeng
080 _a612.39
100 _a10
101 _aNUT
245 _aFood and Culture
_cCounihan, C
942 _2udc
_cBK
999 _c50485
_d50485